000
00317nam a2200121 a 4500
005
20140414131902.0
008
100920s19uu xx 00 eng d
050
_a
FIC
_b
F22 1986
100
_a
Farley, Carol
245
_a
Mystery of the melted diamonds.
260
_a
New York :
_b
Avon Books,
_c
1986.
999
_c
110688
_d
110688